| Tag |
First Indicator |
Second Indicator |
Subfields |
| LEADER |
00000cam a2200000 a 4500 |
| 001 |
in00002178367 |
| 006 |
m e d # |
| 007 |
cr mn mmmmabba |
| 008 |
840621s1788 nyua s 000 0 eng d |
| 005 |
20260330214756.2 |
| 035 |
|
|
|z w027366
|
| 035 |
|
|
|a MAAR8406211002B
|
| 035 |
|
|
|9 mwa91-22541
|
| 035 |
|
|
|a 348054
|
| 035 |
|
|
|a aas03027366
|
| 040 |
|
|
|a MWA
|c MWA
|e bdrb
|d UtOrBLW
|
| 245 |
0 |
4 |
|a The United States almanac, for the year of our Lord 1789 ... /
|c By Eben W. Judd, mathematician.
|
| 264 |
|
3 |
|a [New York] :
|b Printed [by Shepard Kollock] for William and James Hays, no. 12, Water-Street, New-York,
|c [1788]
|
| 300 |
|
|
|a 36 unnumbered pages :
|b illustrations ;
|c 18 cm. (duodecimo)
|
| 336 |
|
|
|a text
|b txt
|2 rdacontent
|
| 337 |
|
|
|a computer
|b c
|2 rdamedia
|
| 338 |
|
|
|a online resource
|b cr
|2 rdacarrier
|
| 500 |
|
|
|a Another issue (Evans 21182) has imprint: Elizabeth-town [N.J.]: Printed by Shepard Kollock.
|
| 500 |
|
|
|a The Anatomy is the only illustration.
|
| 510 |
4 |
|
|a Bristol
|c B6838
|
| 510 |
4 |
|
|a Shipton & Mooney
|c 45280
|
| 510 |
4 |
|
|a Drake, M. Almanacs,
|c 5964
|
| 530 |
|
|
|a Microform version available in the Readex Early American Imprints series.
|
| 533 |
|
|
|a Electronic text and image data.
|b [Chester, Vt. :
|c Readex, a division of Newsbank, Inc.,
|d 2002-2004.
|e Includes files in TIFF, GIF and PDF formats with inclusion of keyword searchable text.
|f (Early American imprints. First series ; no. 45280).
|
| 500 |
|
|
|a Electronic resource.
|
| 655 |
|
7 |
|a Almanacs
|z New York (State)
|y 1789.
|2 rbgenr
|
| 700 |
1 |
|
|a Judd, Eben W.
|q (Eben Warner),
|d 1761-1837.
|
| 752 |
|
|
|a United States
|b New York
|d New York.
|
| 752 |
|
|
|a United States
|b New Jersey
|d Elizabeth.
|
| 752 |
|
|
|a United States
|b New Jersey
|d Elizabethtown.
|
| 830 |
|
0 |
|a Early American imprints.
|n Series I,
|p Evans (1639-1800) ;
|v no. 45280.
|
| 856 |
4 |
1 |
|u http://proxy.library.tamu.edu/login?url=https://opac.newsbank.com/select/evans/45280
|y Evans Digital Edition
|t 0
|
| 999 |
|
|
|a MARS
|
| 999 |
f |
f |
|s aad5729d-ced0-3a30-8a26-826ca71b75c7
|i 32a23d1c-af8a-3ab8-8b42-cf69d343be70
|t 0
|
| 952 |
f |
f |
|a Texas A&M University
|b College Station
|c Electronic Resources
|s www_evans
|d Available Online
|t 0
|h No information provided
|
| 998 |
f |
f |
|t 0
|l Available Online
|